|
|
|
|
| LEADER |
00000nab a2200000 a 4500 |
| 001 |
vtls000804854 |
| 003 |
SK-MaSNL |
| 005 |
20260304180022.0 |
| 008 |
141205c1999 xo 0 slo |
| 015 |
|
|
|a SNBRB2002/09-28357
|
| 035 |
|
|
|a CLN000156509
|
| 040 |
|
|
|a SNKBUCL
|b slo
|c SNKBUCL
|e AACR2
|
| 041 |
0 |
|
|a slo
|
| 044 |
|
|
|a xo
|c SK
|
| 080 |
|
|
|a 616-089.86:614.243.52
|2 1997
|
| 100 |
1 |
|
|a Matisová, Jaroslava
|4 aut
|9 1165951
|
| 245 |
1 |
0 |
|a Starostlivosť o stomikov
|c Jaroslava Matisová
|
| 650 |
0 |
7 |
|a stómia
|2 SNKPH
|9 19077
|
| 650 |
0 |
7 |
|a vekové faktory
|2 SNK
|9 1258759
|
| 650 |
0 |
7 |
|a kvalita života
|2 SNKPH
|9 1705
|
| 650 |
0 |
7 |
|a stomici
|2 SNKPH
|9 86024
|
| 650 |
0 |
7 |
|a ošetrovanie
|2 SNK
|9 692803
|
| 650 |
0 |
7 |
|a psychológia
|2 SNKPH
|9 807
|
| 650 |
0 |
7 |
|a ošetrovateľská starostlivosť
|2 SNKPH
|9 63308
|
| 655 |
|
7 |
|a články z novín a časopisov
|2 SNK
|9 267496
|
| 773 |
0 |
|
|t Slovenský zdravotník
|g Roč. 9, č. 6 (1999), s. 12-13
|x 1335-4388
|
| 850 |
|
|
|a Slovenská národná knižnica v Martine
|
| 852 |
|
|
|a SNK
|b KIS3GCP
|
| 958 |
|
|
|a MI
|
| 999 |
|
|
|c 3016113
|d 3018043
|